000 00897nam a22002412 4500
001 0000000849
005 20151217161129.0
008 070221s xx 000 0 eng d
020 _a0851119808 :
_cKES 2,900
040 _aKABU
_cKABU
050 0 _aBS2312
_b.D53 2000
245 1 0 _aDictionary of New Testament background /
_ceditors, Craig A. Evans, Stanley E. Porter; project manager, Ginny Evans.
260 _aDowners Grove, Ill. :
_bInter Varsity Press,
_cc2000.
300 _axxxiv, 1328 p. ;
_c26 cm.
504 _aIncludes bibliographical references and indexes.
630 0 0 _aBible. N.T.
_vDictionaries.
_@0000149231
700 1 _aEvans, Craig A.
_@0000149232
700 1 _aPorter, Stanley E.,
_d1956-.
_@0000149233
908 _a070221
950 _@1
999 _c14869
_d14869